| 000 | 00824nam a22002417a 4500 | ||
|---|---|---|---|
| 999 |
_c8109 _d8109 |
||
| 003 | AR-CdUCM | ||
| 008 | 190322b ||||| |||| 00| 0 spa d | ||
| 040 |
_aMUNICIPALIDAD PROVINCIAL DEL CUSCO _cBIBLIOTECA MUNICIPAL DEL CUSCO |
||
| 082 |
_a341.2 / _bM26 |
||
| 100 |
_aMarquiset, Jean _922897 |
||
| 245 | _aLos Derechos Naturales / | ||
| 260 |
_aBarcelona : _bOikos-tau, _c1971. |
||
| 300 |
_a123 paginas ; _c18 cm. |
||
| 440 |
_a¿ que se ? _n37 _922898 |
||
| 505 | _aContenido: personalidad del ser humano -- derecho a la existencia -- integridad corporal -- derecho a la salud -- vida sexual -- derechos a la justicia... | ||
| 650 |
_aDerechos _96548 |
||
| 650 |
_aJusticia _97448 |
||
| 650 |
_aSalud _98684 |
||
| 650 |
_aVida sexual _922899 |
||
| 700 |
_aClara, Nuria _922900 |
||
| 942 |
_2ddc _cLIBROS |
||
| 945 | _apjha | ||